000 01416cam a2200337 a 4500
999 _c3689
_d3689
001 01584911
003 OSt
005 20240807111711.0
008 091109s2010 paua 000 1 eng d
010 _a2009943659
015 _aGBA9C3309
_2bnb
020 _a9781594744549 (pbk.)
035 _a(OCoLC)472315064
035 _a(OCoLC)ocn472315064
035 _a3696986
040 _aTOH
_cTOH
_dUKM
_dYDXCP
_dUPZ
_dOCO
_dLF3
_dKH8
042 _anbic
082 _aFIC HOC
100 1 _aHockensmith, Steve,
_eauthor.
245 1 0 _aPride and prejudice and zombies :
_bdawn of the dreadfuls /
_cby Steve Hockensmith ; illustrations by Patrick Arrasmith.
246 3 0 _aDawn of the dreadfuls.
260 _aPhiladelphia :
_bQuirk Books ;
_aSan Francisco, CA :
_bDistributed in North America by Chronicle Books,
_cc2010.
300 _a287 p. :
_bill. ;
_c21 cm.
490 1 _aQuirk classics.
520 _aWhen a funeral at the local parish goes strangely and horribly awry and corpses suddenly spring from the soft earth, only one person can stop them. As the bodies pile up, Elizabeth Bennet evolves from a naive young teenager into a savage slayer of the undead in this prequel to "Pride and Prejudice and Zombies."
650 0 _aBennet, Elizabeth (Fictitious character)
_vFiction.
650 0 _aZombies
_vFiction.
700 1 _aArrasmith, Patrick,
_eillustrator.
830 0 _aQuirk classics.
942 _2ddc
_cFIC